[Event "45th Olympiad 2024"]
[Site "Budapest HUN"]
[Date "2024.09.16"]
[Round "6.40"]
[Board "2"]
[White "Rodriguez Vila, Andres"]
[Black "Alho, Diogo"]
[Result "0-1"]
[WhiteElo "2417"]
[BlackElo "2192"]
[PlyCount "118"]
[EventDate "2024.09.11"]
[WhiteTeam "Uruguay"]
[BlackTeam "Cape Verde"]
[WhiteTeamCountry "URU"]

1. e4 e6 2. Qe2 c5 3. Nf3 Nc6 4. g3 g6 5. Bg2 Bg7 6. c3 Nge7 7. h4 h6 8. Na3 d6 9. O-O e5 10. Nc4 O-O 11. a4 $146 ({RR} 11. h5 f5 12. d3 g5 13. Nh2 d5 14. Ne3 Be6 15. g4 fxe4 16. dxe4 d4 17. Rd1 Rf4 18. Nf5 Qa5 19. Bxf4 exf4 20. b4 Qa4 21. Nxg7 Kxg7 {1-0 Rodriguez Vila,A (2537)-Krysa,L (2271) Villa Martelli Pro Am op 17th 2010 (5)}) ({RR} 11. h5 g5 12. Nh2 f5 13. exf5 Bxf5 14. d3 Qd7 15. Ne3 Bh3 16. Bxh3 Qxh3 17. Qg4 Qxg4 18. Nhxg4 b5 19. Kg2 d5 20. Re1 c4 21. dxc4 bxc4 22. b3 cxb3 23. axb3 d4 24. cxd4 exd4 25. Nc4 d3 {1-0 Sindarov,J (2674)-Rustemov,A (2525) Titled Tue 13th Aug Early 2024 (4)}) ({RR} 11. h5 f5 12. Nh4 fxe4 13. hxg6 Be6 14. Ne3 d5 15. c4 d4 16. Nd1 e3 17. dxe3 d3 18. Qd2 e4 19. Bxe4 Bxc4 20. Nc3 b5 21. b3 b4 22. Bb2 bxc3 23. Bxc3 Ba6 24. Bxg7 Kxg7 25. Qc3+ Rf6 {½-½ Shirov,A (2695)-Ivanchuk,V (2740) Belgrade Investbank 1995 (10)}) 11... Be6 12. d3 Qd7 13. Bd2 Rad8 14. Rfe1 Bg4 15. Qf1 Be6 16. Ra3 a5 17. Nh2 d5 18. exd5 Nxd5 19. Nf3 Qc7 20. Bc1 Rfe8 21. Nfd2 Nde7 22. Rb3 Nc8 23. Bxc6 Qxc6 24. Rb5 b6 25. Nxe5 Bxe5 26. Rxe5 Nd6 27. Ne4 Nxe4 28. Rxe4 c4 29. Rbe5 cxd3 30. Qe1 h5 31. Bg5 Rd5 32. Rxd5 Qxd5 33. Rd4 Qf3 34. Qe3 Qd1+ 35. Kh2 Qf1 36. g4 Bd7 37. Qf3 Bxg4 38. Qg2 Qe2 39. Qg3 Bf3 40. Rd6 Qd1 41. Qg1 Re1 42. Bf6 Qxa4 43. Bd4 d2 44. Rxg6+ fxg6 45. Qxg6+ Kf8 46. Qd6+ Ke8 47. Qg6+ Kd7 48. Qf5+ Re6 49. Qf7+ Re7 50. Qf5+ Kc7 51. Qf4+ Kb7 52. Qxf3+ Qc6 53. Qd1 Re1 54. Qxd2 Rh1+ 55. Kg3 Rg1+ 56. Kf4 Rg4+ 57. Ke5 Re4+ 58. Kf5 Qe6+ 59. Kg5 Rg4+ 0-1

[Event "45th Olympiad 2024"]
[Site "Budapest HUN"]
[Date "2024.09.16"]
[Round "6.40"]
[Board "3"]
[White "Vaz, Jose Carlos"]
[Black "Roselli Mailhe, Bernardo"]
[Result "0-1"]
[WhiteElo "1909"]
[BlackElo "2362"]
[PlyCount "116"]
[EventDate "2024.09.11"]
[WhiteTeam "Cape Verde"]
[BlackTeam "Uruguay"]
[BlackTeamCountry "URU"]

1. e4 e6 2. d4 d5 3. exd5 exd5 4. Nf3 Nc6 5. c3 Bd6 6. Bd3 Nge7 7. O-O Bg4 8. Re1 Qd7 9. Bg5 f6 10. Bh4 O-O-O 11. Bg3 g5 12. Bxd6 Qxd6 13. Nbd2 Ng6 14. Qc2 Nce7 15. b4 $146 ({RR} 15. c4 Nf4 16. c5 Qd7 17. c6 Nxc6 18. Bb5 Bxf3 19. Nxf3 Qg4 20. Bf1 Nb4 21. Qd2 Nbd3 22. Kh1 Nxe1 23. Nxe1 Kb8 24. Rc1 Rhe8 25. f3 Qd7 26. g3 Ne6 27. Bh3 Qe7 28. Nc2 h5 29. Nb4 Ng7 {0-1 Groot Lipman,J (2081)-Sambuev,B (2586) Gatineau op 2016 (2)}) ({RR} 15. Re3 Nf4 16. Rae1 Nxd3 17. Qxd3 Bf5 18. Qb5 a6 19. Qa4 Ng6 20. Re8 Bd7 21. Rxd8+ Rxd8 22. Qc2 g4 23. Nh4 Nxh4 24. Qxh7 Nf5 25. Qg6 Qf4 26. Nb3 Nd6 27. Nc5 Qd2 28. Rf1 f5 29. Nxd7 Kxd7 {0-1 Jensen,S (1670)-Andersen,D (1884) Copenhagen Bronshoj op 2012 (5)}) 15... Bd7 16. Rec1 Nf4 17. Bf1 g4 18. Nh4 Nfg6 19. Nxg6 hxg6 20. g3 Rh6 21. Bg2 Rdh8 22. Nf1 Bb5 23. Ne3 f5 24. c4 Bxc4 25. Nxc4 dxc4 26. Qxc4 f4 27. gxf4 Rxh2 28. Re1 Nf5 29. Re5 Nxd4 30. Rae1 Qd7 31. Re7 Nf3+ 32. Bxf3 gxf3 33. Re8+ Rxe8 34. Rxe8+ Qxe8 35. Kxh2 c6 36. Kg3 Kc7 37. Qd4 Qe7 38. a3 b6 39. Kxf3 Qd7 40. Qe5+ Kb7 41. Qe3 a5 42. Ke2 axb4 43. axb4 Ka6 44. Qe4 Qf5 45. Qc4+ Qb5 46. Kd3 c5 47. Kc3 Qxc4+ 48. Kxc4 cxb4 49. Kxb4 b5 50. Kb3 Ka5 51. Ka3 b4+ 52. Kb3 Kb5 53. Kc2 Kc4 54. Kb2 b3 55. Kb1 Kc3 56. Kc1 b2+ 57. Kb1 Kb3 58. f5 gxf5 0-1

[Event "45th Olympiad 2024"]
[Site "Budapest HUN"]
[Date "2024.09.16"]
[Round "6.41"]
[Board "1"]
[White "Henderson de La Fuente, Lance"]
[Black "Almedina Ortiz, Edgardo J."]
[Result "1-0"]
[WhiteElo "2519"]
[BlackElo "2196"]
[PlyCount "71"]
[EventDate "2024.09.11"]
[WhiteTeam "Andorra"]
[BlackTeam "Puerto Rico"]
[WhiteTeamCountry "AND"]
[BlackTeamCountry "PUR"]

1. d4 d5 2. Nf3 e6 3. c4 a6 4. Nbd2 Nf6 5. g3 c5 6. Bg2 cxd4 ({RR} 6... Nc6 7. O-O cxd4 8. cxd5 Qxd5 9. Nb3 d3 10. e4 Qb5 11. Nbd4 Nxd4 12. Nxd4 Qd7 13. Be3 Bc5 14. Nf5 exf5 15. Bxc5 Nxe4 16. Re1 Qd5 17. Qa4+ b5 18. Bxe4 fxe4 19. Qxe4+ Qxe4 20. Rxe4+ Be6 21. Rd4 {½-½ So,W (2786)-Izoria,Z (2599) USA-ch Saint Louis 2018 (6)}) ({RR} 6... Nc6 7. cxd5 exd5 8. O-O Be7 9. dxc5 Bxc5 10. Nb3 Ba7 11. Bd2 O-O 12. Bc3 Ne4 13. e3 Re8 14. Nfd4 Qg5 15. Qc2 Bd7 16. Nxc6 bxc6 17. Bd4 Bxd4 18. exd4 h5 19. Rfe1 h4 20. f3 Nd6 21. Qf2 {1-0 Salem,A (2638)-Maurizzi,M (2620) 57th Biel GM2 Qual 2024 (1.1)}) 7. cxd5 d3 $146 ({RR} 7... Qxd5 8. O-O Nc6 9. Nb3 Qd8 10. Nfxd4 Bd7 11. Nxc6 Bxc6 12. Bxc6+ bxc6 13. Qc2 Rc8 14. Rd1 Qc7 15. Bf4 e5 16. Bg5 Be7 17. Nc5 O-O 18. Bxf6 Bxf6 19. Nd7 Rfe8 20. Nxf6+ gxf6 21. Qf5 Qe7 22. Qg4+ {1-0 Iskusnyh,S (2443)-Derige Kane,Y (2204) Titled Tue 7th Mar Late 2023 (8)}) ({RR} 7... exd5 8. Nxd4 Nc6 9. N2b3 h6 10. O-O Bd6 11. Nxc6 bxc6 12. Be3 O-O 13. Rc1 Bd7 14. Bc5 Bxc5 15. Nxc5 Bf5 16. Qa4 Qb6 17. b3 Rfe8 18. Rfe1 a5 19. e4 dxe4 20. Nxe4 Bxe4 21. Bxe4 Rac8 22. Bg2 {0-1 Exposito Milan,A (2083)-Lianes Garcia,M (2391) TCh-ESP 2nd Div 2023 (1.26)}) 8. dxe6 Bxe6 9. O-O Nc6 10. Ng5 Nd4 11. exd3 Bg4 12. Ndf3 Bc5 13. Qe1+ Kf8 14. Nxd4 Bxd4 15. Be3 Qb6 16. Bxd4 Qxd4 17. Bxb7 Rb8 18. Bg2 Rxb2 19. Rc1 h6 20. Nf3 Qd6 21. Qe5 Qxe5 22. Nxe5 Be6 23. a4 Ke7 24. Rc6 Rc8 25. Rxa6 Rcc2 26. Nc6+ Kd7 27. Nd4 Rd2 28. Nxe6 fxe6 29. Ra7+ Kd6 30. Rxg7 Rxd3 31. Rg6 Nd7 32. Bh3 Nc5 33. Bxe6 Ke5 34. Re1+ Kd4 35. Rg4+ Kc3 36. Rc1+ 1-0

[Event "45th Olympiad 2024"]
[Site "Budapest HUN"]
[Date "2024.09.16"]
[Round "6.41"]
[Board "3"]
[White "De La Riva Aguado, Oscar"]
[Black "Zilleruelo Irizarry, Diego"]
[Result "1-0"]
[WhiteElo "2431"]
[BlackElo "2041"]
[PlyCount "93"]
[EventDate "2024.09.11"]
[WhiteTeam "Andorra"]
[BlackTeam "Puerto Rico"]
[WhiteTeamCountry "AND"]
[BlackTeamCountry "PUR"]

1. e4 c6 2. Nf3 d5 3. Nc3 dxe4 4. Nxe4 Nf6 5. Qe2 Na6 6. Nxf6+ gxf6 7. d4 ({RR} 7. a3 h5 8. g3 Nc7 9. Bg2 Bg4 10. h3 Bxf3 11. Bxf3 h4 12. d3 hxg3 13. fxg3 e6 14. Bd2 Qd6 15. g4 Nd5 16. O-O-O Bh6 17. Bxh6 Rxh6 18. Kb1 O-O-O 19. h4 Nf4 20. Qe3 Qd4 21. Qd2 Rhh8 {1-0 Caruana,F (2786)-Eljanov,P (2695) Titled Tue 17th Oct Late 2023 (3)}) 7... h5 8. Be3 $146 ({RR} 8. Qe4 Be6 9. c3 Bd5 10. Qc2 Bxf3 11. gxf3 Nc7 12. Be3 Qd5 13. Qb3 O-O-O 14. Qxd5 Nxd5 15. Bc4 e6 16. Bxd5 Rxd5 17. Rg1 Bd6 18. h3 Kd7 19. Ke2 Ke7 20. Rg7 Ra5 21. a3 Rb5 22. b4 a5 {½-½ Dobrikov,M (2223)-Miller,E (2353) GER-ch 93rd Magdeburg 2022 (6)}) ({RR} 8. h4 Bg4 9. c3 Qd5 10. Bf4 O-O-O 11. Qe3 Nc7 12. Be2 Ne6 13. Bg3 Bh6 14. Qd3 Rhg8 15. Qc4 Bxf3 16. gxf3 Bf4 17. Qxd5 cxd5 18. Bxf4 Nxf4 19. Kd2 Rg2 20. Ke3 e5 21. Rag1 Rdg8 22. Rxg2 Rxg2 {½-½ Yuan,Q (2360)-Miller,E (2353) Titled Tue 27th Feb Early 2024 (2)}) 8... Qd5 9. Qd2 Bg4 10. Be2 e5 11. dxe5 Bxf3 12. Bxf3 Qxd2+ 13. Bxd2 fxe5 14. O-O-O O-O-O 15. Rhe1 f6 16. Re4 Bc5 17. Be1 Rxd1+ 18. Bxd1 h4 19. Bg4+ Kb8 20. Bh3 Bf8 21. Kd1 Nc5 22. Rg4 Ne6 23. Bd2 Be7 24. Rg6 Ng5 25. Bg4 Ne4 26. Be3 Nd6 27. f4 Nc4 28. Bc1 e4 29. b3 Nd6 30. Bb2 Rd8 31. Ke2 Nb5 32. Rg7 Bc5 33. Bxf6 Nd4+ 34. Kf1 Rf8 35. Be5+ Ka8 36. c3 Nb5 37. Rd7 a5 38. Bh3 e3 39. Ke2 a4 40. b4 Ba7 41. c4 Na3 42. Be6 Nc2 43. f5 Bb8 44. Bc3 Bxh2 45. f6 Nxb4 46. c5 Nxa2 47. Bxa2 1-0

[Event "45th Olympiad 2024"]
[Site "Budapest HUN"]
[Date "2024.09.16"]
[Round "6.42"]
[Board "4"]
[White "Chan, Wang Ip Boris"]
[Black "Zlatkov, Anton"]
[Result "0-1"]
[WhiteElo "2016"]
[BlackElo "2346"]
[PlyCount "142"]
[EventDate "2024.09.11"]
[WhiteTeam "Hong Kong, China"]
[BlackTeam "North Macedonia"]

1. e4 {Golod,Vitali} c5 2. Nf3 Nc6 3. d4 cxd4 4. Nxd4 Nf6 5. Nc3 e6 6. Nxc6 bxc6 7. e5 Nd5 8. Ne4 Bb7 9. c4 Nb4 10. Bg5 ({RR} 10. c5 Ba6 11. Bxa6 Nxa6 12. Qd4 ({RR} 12. O-O) 12... Be7 ({RR} 12... Rb8 13. Bd2 Be7 14. Rd1 ({RR} 14. Bc3 O-O 15. O-O Nc7 16. Ba5 Qc8 17. Nf6+ Bxf6 18. exf6 gxf6 19. Bxc7 Qxc7 20. Qxf6 Qd8) 14... O-O 15. Bc3 Rb7 16. O-O f5 17. exf6 Bxf6 18. Nxf6+ gxf6 19. Rd3) ({RR} 12... Qa5+ 13. Bd2 Qb5 14. b4 Be7 15. a4 ({RR} 15. a3) 15... Qb7 16. O-O O-O 17. Rab1) ({RR} 12... Nxc5 13. Nxc5 Qa5+ 14. b4) 13. O-O O-O ({RR} 13... Rb8 14. Bd2 O-O 15. Rad1 Nc7 16. Ba5 Qc8 17. Nf6+ Bxf6 18. exf6 Nd5 19. fxg7 Re8 20. Rd3 f6 21. Qh4 Re7 22. Bc3 e5 23. f4 exf4 24. Bxf6 Nxf6 25. Qxf6 Rf7 26. Qd4) 14. Rd1 f5 ({RR} 14... Rb8 15. a3 ({RR} 15. Qxd7 Nxc5 16. Nxc5 Bxc5) 15... f5 16. exf6 Bxf6 17. Qd3 ({RR} 17. Qxd7 Qxd7 18. Rxd7 Rfd8 19. Nxf6+ gxf6 20. Rxd8+ Rxd8 21. Be3) 17... Nc7 18. Qxd7 Be5 19. g3) 15. exf6 Bxf6 16. Qxd7 ({RR} 16. Qd3 Nb4 17. Qxd7 Qxd7 18. Rxd7 Rad8) 16... Qxd7 17. Rxd7 Rfd8 18. Nxf6+ ({RR} 18. Rxd8+ Rxd8 19. Nxf6+ gxf6 20. Be3 Nb4) ({RR} 18. Rd6 Nxc5) 18... gxf6 19. Rd6 ({RR} 19. Rxd8+) 19... Nxc5 20. Rxd8+ Rxd8 21. Be3 Na4 22. Rc1 ({RR} 22. b3 Nc3 23. Kf1 a6) 22... Nxb2 23. Kf1 Nd3 ({RR} 23... Rd6 24. Bxa7 Nd3 25. Rc4 e5 26. Bb8 Re6 27. a4) 24. Rxc6 Nb4 {½-½ Svidler,P (2725)-Malakhov,V (2670) RUS-chT 12th 2005 (7)}) 10... Qc7 11. f4 c5 12. Nc3 ({RR} 12. Nd6+ Bxd6 13. exd6 Qc6 14. Qd2 f6 15. Bh4 Qe4+ 16. Kd1 Qg6 17. a3 Qg4+ 18. Be2 Qxh4 19. axb4 cxb4 20. Ra5 O-O 21. Qe3 f5 22. Bf3 Bxf3+ 23. Qxf3 Rac8 24. Rxa7 Rxc4 25. Rxd7 Rxf4 26. g3 Rd4+ {0-1 Mesfin,L (2118)-Ashiku,F (2400) 45th Olympiad 2024 (3.44)}) 12... a6 $146 ({RR} 12... Nc6 13. Bd3 Nxe5 14. O-O Nxd3 15. Qxd3 Qc6 16. Rf2 f6 17. Bh4 Be7 18. f5 O-O 19. Re1 Bd6 20. Bg3 Bxg3 21. Qxg3 Kh8 22. h3 Rae8 23. Re4 exf5 24. Rh4 Kg8 25. Rxf5 Re3 26. Qf2 Re1+ 27. Kh2 {0-1 McCoy,O (2085)-Chigaev,M (2632) Titled Tue 14th Feb Early 2023 (2)}) 13. Qd2 d6 14. exd6 Qxd6 15. O-O-O Qxd2+ 16. Rxd2 f6 17. Bh4 Rd8 18. Rxd8+ Kxd8 19. Bf2 Kc7 20. Be3 Nc6 21. Bd3 Nd4 22. Be4 Ne2+ 23. Kd2 Nxc3 24. Bxb7 Kxb7 25. Kxc3 Bd6 26. Re1 Re8 27. Bd2 h5 28. a3 Kc6 29. b4 e5 30. fxe5 Bxe5+ 31. Kc2 Rd8 32. Bc3 Bxh2 33. Rh1 Bd6 34. Rxh5 Rb8 35. bxc5 Bxc5 36. g4 Re8 37. g5 Re2+ 38. Kd3 Re3+ 39. Kd2 Rf3 40. gxf6 gxf6 41. Rh6 Be7 42. Bb4 Bd8 43. Rh5 Bc7 44. Ke2 Rf4 45. Kd3 Be5 46. Be7 Rd4+ 47. Ke3 Kd7 48. Rh7 Ke6 49. Bb4 Rxc4 50. Kd3 Rd4+ 51. Kc2 Rd7 52. Rh8 Bd6 53. Bc3 Be5 54. Bb4 Kf5 55. Ra8 Rc7+ 56. Kd3 Rc6 57. Ke3 Bc3 58. Bf8 Kg4 59. Bh6 Re6+ 60. Kf2 Bd4+ 61. Kf1 Kf3 62. Rd8 Rb6 63. Ke1 Be3 64. Bxe3 Kxe3 65. Re8+ Kf4 66. Rc8 f5 67. Rc4+ Kg3 68. Rc3+ Kg4 69. Kf2 f4 70. Rd3 Rb2+ 71. Kf1 Ra2 0-1

[Event "45th Olympiad 2024"]
[Site "Budapest HUN"]
[Date "2024.09.16"]
[Round "6.43"]
[Board "3"]
[White "Wong, Zhenyong Jayden"]
[Black "Nsubuga, Haruna"]
[Result "1-0"]
[WhiteElo "2397"]
[BlackElo "2243"]
[PlyCount "87"]
[EventDate "2024.09.11"]
[WhiteTeam "Singapore"]
[BlackTeam "Uganda"]
[WhiteTeamCountry "SIN"]
[BlackTeamCountry "UGA"]

1. d4 Nf6 2. c4 g6 3. Nc3 Bg7 4. e4 d6 5. f4 O-O 6. Nf3 c5 7. d5 e6 8. Be2 exd5 9. cxd5 Re8 10. e5 dxe5 11. fxe5 Ng4 12. e6 fxe6 13. d6 Ne5 14. O-O Nxf3+ 15. Bxf3 Bd4+ 16. Kh1 Qxd6 17. Ne4 Qe5 $146 ({RR} 17... Qc7 18. Bg5 Rf8 19. Rc1 Qb6 20. Be7 Nd7 21. Bxf8 Nxf8 22. Bg4 e5 23. Bxc8 Rxc8 24. Qf3 Qe6 25. Nf6+ Kh8 26. Qxb7 c4 27. Ne4 Rd8 28. Rf7 Bxb2 29. Ng5 Bxc1 30. Rxh7+ {1-0 Andrejic,V (2199)-Djukic,S (2199) Srebrno Jezero op-A 7th 2013 (3)}) ({RR} 17... Qc7 18. Bg4 Nc6 19. Bh6 Bd7 20. Qf3 Ne5 21. Nf6+ Kh8 22. Qg3 Rec8 23. Qh4 Bc6 24. Nh5 Nxg4 25. Qxg4 Bd5 26. Nf4 Bc4 27. Nxe6 Qd7 28. Qxd4+ cxd4 29. Bg7+ Kg8 30. Rf6 Bxe6 {0-1 Ivana Maria,F (2072)-Szente Varga,F (2015) Titled Tue 31st Oct Early 2023 (3)}) 18. Bg5 Nd7 19. Qd2 Qc7 20. Rac1 Qb6 21. b4 Qxb4 22. Qxb4 cxb4 23. Nd6 Rf8 24. Rfd1 e5 25. Be7 Rxf3 26. gxf3 Nb6 27. Nxc8 Nxc8 28. Bxb4 Nb6 29. Bc5 Bb2 30. Rc2 Na4 31. Be3 Bc3 32. Rd3 Ba5 33. Rb3 Nb6 34. Rb5 Be1 35. Bxb6 axb6 36. Rxb6 Ra7 37. Rcb2 Bc3 38. Rxb7 Ra5 39. Rc2 Rc5 40. a4 g5 41. a5 g4 42. fxg4 e4 43. a6 e3 44. a7 1-0

[Event "45th Olympiad 2024"]
[Site "Budapest HUN"]
[Date "2024.09.16"]
[Round "6.44"]
[Board "1"]
[White "Wong, Jianwen"]
[Black "Cori, Jorge"]
[Result "0-1"]
[WhiteElo "2231"]
[BlackElo "2609"]
[PlyCount "64"]
[EventDate "2024.09.11"]
[WhiteTeam "Malaysia"]
[BlackTeam "Peru"]
[WhiteTeamCountry "MAS"]
[BlackTeamCountry "PER"]

1. c4 e5 2. e3 Nf6 3. Nc3 Bb4 4. Nge2 O-O 5. a3 Bxc3 6. Nxc3 b6 ({RR} 6... c6 7. d4 e4 8. d5 d6 9. dxc6 Nxc6 10. Be2 Be6 11. O-O Rc8 12. b3 Qe7 13. Ra2 Rfd8 14. Rd2 h5 15. Bb2 h4 16. Nb5 Ne8 17. Bg4 f5 18. Bh5 a6 19. Bxe8 axb5 20. Bxc6 bxc6 21. cxb5 {0-1 Kramnik,V (2810)-Caruana,F (2757) Zuerich Chess Challenge Blitz 2013 (6)}) 7. Be2 Bb7 8. O-O e4 $146 ({RR} 8... d5 9. cxd5 Nxd5 10. Bf3 c6 11. Qc2 Nd7 12. Rd1 N7f6 13. d4 Qe7 14. dxe5 Qxe5 15. Nxd5 Nxd5 16. Qe4 Rfe8 17. Qxe5 Rxe5 18. b4 Kf8 19. Bb2 Ree8 20. Rac1 Red8 21. h3 Rac8 22. Rc2 f6 23. Rcd2 {1-0 Kovalkova,N (1903)-Chuhachev,V Vladivostok op 2007 (4)}) ({RR} 8... d5 9. cxd5 Nxd5 10. Qc2 Nxc3 11. dxc3 e4 12. c4 Nd7 13. Rd1 Qe7 14. b3 Ne5 15. Bb2 Rae8 16. c5 Qg5 17. Bxe5 Rxe5 18. cxb6 cxb6 19. Rd7 Rc5 20. Qb2 Bc8 21. Rd4 Bh3 22. Bf1 Qg6 23. g3 {½-½ Tomaszewski,K (2313)-Savitha,S (2418) Norway Chess Open Masters 2023 (2.13)}) ({RR} 8... d5 9. cxd5 Nxd5 10. Qc2 Nxc3 11. Qxc3 Nd7 12. b4 Rc8 13. Bb2 c5 14. bxc5 Rxc5 15. Qb4 Qg5 16. f3 a5 17. Qb3 Bd5 18. Qa4 Bc6 19. Qd1 Rc8 20. Kh1 Bd5 21. e4 Be6 22. Rc1 Rxc1 23. Bxc1 {0-1 Vishnu,P (2493)-Atabayev,S (2425) Wch Blitz Moscow 2019 (13)}) 9. f3 exf3 10. Bxf3 Bxf3 11. Qxf3 Nc6 12. Nd5 Nxd5 13. cxd5 Ne5 14. Qf5 Qe7 15. b3 Rae8 16. Bb2 Qd6 17. d4 Ng6 18. e4 Ne7 19. Qe5 f5 20. Rac1 fxe4 21. Rxf8+ Rxf8 22. Rxc7 Qh6 23. Qxe4 Qd2 24. h3 Qxb2 25. Rxd7 Qf2+ 26. Kh2 Ng6 27. Rxa7 Nh4 28. Kh1 Nf5 29. Qe5 h5 30. d6 h4 31. d7 Ng3+ 32. Kh2 Qg1+ 0-1

[Event "45th Olympiad 2024"]
[Site "Budapest HUN"]
[Date "2024.09.16"]
[Round "6.44"]
[Board "2"]
[White "Flores Quillas, Diego Saul Rodri"]
[Black "Ang, Ern Jie Anderson"]
[Result "1-0"]
[WhiteElo "2451"]
[BlackElo "2132"]
[PlyCount "149"]
[EventDate "2024.09.11"]
[WhiteTeam "Peru"]
[BlackTeam "Malaysia"]
[WhiteTeamCountry "PER"]
[BlackTeamCountry "MAS"]

1. e4 e5 2. Nf3 Nc6 3. Bb5 a6 4. Ba4 Nf6 5. d3 b5 6. Bb3 Be7 7. a4 b4 8. a5 d6 9. h3 O-O 10. O-O Rb8 11. Nbd2 Be6 12. Nc4 Nd7 $146 ({RR} 12... h6 13. Be3 Qc8 14. Nfd2 Rd8 15. Qe2 Bf8 16. Ba4 Qb7 17. c3 Ne7 18. Qf3 Ng6 19. Qg3 d5 20. exd5 Nxd5 21. Nxe5 Nxe5 22. Qxe5 Bd6 23. Qh5 bxc3 24. bxc3 Nxc3 25. Bc2 Qb2 26. Ba4 Be7 27. Bc6 {0-1 Rodriguez Hernandez,L (2346)-Perez Marimon,J (2076) Guillermo Garcia Memorial op 27th 2018 (1)}) ({RR} 12... h6 13. Re1 Qc8 14. Be3 Qb7 15. Nfd2 d5 16. exd5 Bxd5 17. f3 Rfd8 18. Bf2 Bd6 19. Ne4 Nxe4 20. fxe4 Be6 21. Rf1 Be7 22. Qh5 Bf8 23. Be3 Re8 24. Rf3 g6 25. Qh4 Nd4 26. Bxd4 exd4 27. Raf1 {1-0 Idani,P (2599)-Ang,E (2132) 45th Olympiad 2024 (1.10)}) 13. Be3 Bf6 14. c3 Nc5 15. Bxc5 dxc5 16. Qc2 Qe7 17. Ncd2 Bxb3 18. Nxb3 Rfd8 19. Rfd1 Rb5 20. cxb4 Rdb8 21. Rdc1 Bg5 22. Nxg5 Qxg5 23. Nxc5 Nd4 24. Qd1 Qg6 25. Rc4 h5 26. Kh1 Rxb4 27. Nd7 Rxc4 28. Nxe5 Qf6 29. Nxc4 Qxf2 30. Qg1 Qxg1+ 31. Kxg1 Ne2+ 32. Kf2 Nf4 33. Ra3 Rd8 34. Ne5 f6 35. Nc6 Rd6 36. Nb4 c5 37. Nd5 Nxd5 38. exd5 Rxd5 39. Rb3 Rd4 40. Rc3 Rb4 41. Rxc5 Rxb2+ 42. Kf3 Rd2 43. Rd5 Kf7 44. Rd6 h4 45. Ke4 Rxg2 46. Rxa6 Rh2 47. Ra7+ Kg6 48. a6 Rxh3 49. Rxg7+ Kxg7 50. a7 Rg3 51. a8=Q h3 52. Qb8 Rg2 53. Ke3 Rg5 54. Qb7+ Kg6 55. Qe4+ f5 56. Qe8+ Kg7 57. d4 Rg2 58. Qh5 h2 59. Kf4 Rg4+ 60. Kxf5 Rxd4 61. Qxh2 Rd5+ 62. Ke4 Rg5 63. Qd6 Kf7 64. Kf4 Rg6 65. Qd5+ Kg7 66. Qe5+ Kf7 67. Kf5 Rg7 68. Qc5 Kg8 69. Qc8+ Kf7 70. Qd8 Rh7 71. Qd5+ Kg7 72. Kg5 Kh8 73. Qd8+ Kg7 74. Qe8 Rh8 75. Qe7+ 1-0

[Event "45th Olympiad 2024"]
[Site "Budapest HUN"]
[Date "2024.09.16"]
[Round "6.44"]
[Board "3"]
[White "Kavin Mohan"]
[Black "Fernandez Sanchez, Fernando Miguel"]
[Result "1/2-1/2"]
[WhiteElo "1997"]
[BlackElo "2399"]
[PlyCount "88"]
[EventDate "2024.09.11"]
[WhiteTeam "Malaysia"]
[BlackTeam "Peru"]
[WhiteTeamCountry "MAS"]
[BlackTeamCountry "PER"]

1. d4 Nf6 2. c4 e6 3. Nf3 d5 4. g3 Bb4+ 5. Bd2 Be7 6. Bg2 O-O 7. O-O Nbd7 8. Qc2 c6 9. Rc1 a5 10. b3 ({RR} 10. a3 b6 11. cxd5 cxd5 12. Bf4 Ba6 13. Nc3 Rc8 14. Qa4 Rc4 15. Qd1 b5 16. e3 Qb6 17. Bf1 Rc6 18. a4 b4 19. Nb5 Rfc8 20. Rxc6 Rxc6 21. Rc1 Ne8 22. h4 h6 23. h5 Bb7 24. Nd2 Ndf6 {1-0 Carlsen,M (2830)-Firouzja,A (2738) Chess.com Classic Div 1 W 2024 (4.3)}) 10... Ne4 ({RR} 10... b6 11. Bc3 Bb7 12. Nbd2 c5 13. Qb2 h6 14. Ne5 Nxe5 15. dxe5 Ne8 16. cxd5 exd5 17. Nc4 Rb8 18. Rd1 d4 19. Bxb7 Rxb7 20. Be1 Nc7 21. a4 Qd5 22. Qc2 f5 23. exf6 Bxf6 24. e4 Qe6 25. e5 {1-0 Nguyen Ngoc Truong Son (2633)-Drygalov,A (2475) Chessable Masters Play-In 2024 (9)}) 11. Be3 $146 ({RR} 11. Be1 f5 12. Nc3 Bd6 13. Rd1 Qe7 14. Nd2 Nxc3 15. Qxc3 b6 16. cxd5 cxd5 17. Nc4 Ba6 18. Nxd6 Qxd6 19. Qe3 Rfc8 20. Rdc1 Kf7 21. Bd2 h6 22. a4 Nf6 23. f3 Qd7 24. Bf1 Rxc1 25. Rxc1 Rc8 {½-½ Cramling,P (2479)-Hillarp Persson,T (2562) SWE-ch Eskilstuna 2019 (3)}) ({RR} 11. Be1 f5 12. Nc3 Bf6 13. e3 Qe7 14. Rab1 h6 15. Ne2 Qf7 16. Nf4 g5 17. Nd3 Qg7 18. Nd2 h5 19. Nf1 Be7 20. Kh1 Qh6 21. f3 Nd6 22. Qe2 g4 23. Nf4 Bg5 24. Nd3 Qg7 25. Bc3 Nf6 {½-½ Bobadilla Viera,J (2388)-Mitkov,N (2459) Open IRT Sabaneta 2023 (7.3)}) 11... a4 12. bxa4 Qa5 13. Ne5 Nd6 14. cxd5 exd5 15. Nc3 Nxe5 16. dxe5 Nc4 17. Bd4 Be6 18. e4 dxe4 19. Nxe4 Rfd8 20. Bc3 Qxa4 21. Qe2 Rd7 22. Qh5 h6 23. Bh3 Bxh3 24. Qxh3 Rd5 25. e6 f5 26. Bxg7 Kxg7 27. Nc3 Qa5 28. Nxd5 Qxd5 29. Rab1 b5 30. Qh5 Qxe6 31. Re1 Qf6 32. Re2 Bf8 33. Rbe1 Bb4 34. Re6 Qg5 35. Qxg5+ hxg5 36. Rd1 Nd2 37. Rxc6 Rxa2 38. Rdc1 Ne4 39. Rb1 Bc5 40. Rxb5 Bxf2+ 41. Kf1 Ra7 42. Rxf5 Bxg3 43. Re6 Bxh2 44. Rxe4 Rf7 1/2-1/2

[Event "45th Olympiad 2024"]
[Site "Budapest HUN"]
[Date "2024.09.16"]
[Round "6.45"]
[Board "1"]
[White "Lee, Junhyeok"]
[Black "Kulaots, Kaido"]
[Result "1/2-1/2"]
[WhiteElo "2364"]
[BlackElo "2506"]
[PlyCount "75"]
[EventDate "2024.09.11"]
[WhiteTeam "South Korea"]
[BlackTeam "Estonia"]
[BlackTeamCountry "EST"]

1. e4 e5 2. Nf3 Nc6 3. Bb5 Nge7 4. d4 Nxd4 5. Nxd4 exd4 6. Qxd4 Nc6 7. Qe3 Bb4+ 8. Bd2 ({RR} 8. c3 Be7 9. O-O O-O 10. Nd2 d6 11. Nf3 a6 12. Bc4 Ne5 13. Nxe5 dxe5 14. Qg3 Bd6 15. Bg5 Qd7 16. Bf6 Qg4 17. Bxe5 Qxg3 18. Bxg3 Bxg3 19. hxg3 Be6 20. Bxe6 fxe6 21. Rfd1 Rad8 22. g4 h6 {1-0 Adams,M (2670)-Dinstuhl,V (2380) Bundesliga 2023-24 (14.7)}) 8... Bxd2+ 9. Qxd2 O-O 10. Nc3 a6 $146 ({RR} 10... Re8 11. O-O d6 12. Rfe1 Bd7 13. Re3 Re6 14. f4 Rh6 15. Rae1 a6 16. Bf1 Ne7 17. f5 Nc6 18. Rg3 Kh8 19. Nd5 Ne5 20. f6 Rg6 21. fxg7+ Kxg7 22. Qf2 c6 23. Nf4 Rxg3 24. Qxg3+ Kh8 25. Qf2 {0-1 Banas,K (2232)-Rachela,M (2395) SVK-chT 1011 2010 (3.4)}) ({RR} 10... d6 11. O-O a6 12. Bxc6 bxc6 13. Rad1 Qe7 14. Qd4 Bb7 15. Rfe1 Rae8 {½-½ Eslon,J-Kinnmark,O SWE-ch Skelleftea 1972 (7)}) 11. Bxc6 bxc6 12. O-O-O Qe7 13. Rhe1 d6 14. Re3 Rb8 15. Qd4 Be6 16. Nd5 cxd5 17. exd5 Qg5 18. dxe6 fxe6 19. h4 Qf4 20. f3 e5 21. Qxf4 Rxf4 22. Rc3 Rb7 23. g3 Rfb4 24. b3 Kf7 25. a3 R4b5 26. Rc6 R5b6 27. Rc4 Ke6 28. f4 Rb5 29. Re1 a5 30. fxe5 Rxe5 31. Rxe5+ Kxe5 32. Kd2 c5 33. Kd3 Kd5 34. Ra4 Rf7 35. Ke2 Ra7 36. Kd3 Rf7 37. Ke2 Ra7 38. Kd3 1/2-1/2